00638nam a2200169Ia 4500008004100000020001400041041000800055082001600063100002900079245005300108260003900161300001200200365001300212906008200225999001900307952014200326210423s2005 xx 000 0 und d a761934286 aeng a302.23 BELB aBEL (Bernard);others,Ed. aCommunication processes V1: media and mediation. aNew DelhibSage Publicationsc2005 a474bHB b850cINR a1: ; communication ; Media ; mediation. ; mediation: ; processes ; processes. c158920d158920 001040708MAJMCaSACPGbSACPGd2010-09-06eSouthern Book Sellersg850.00l0o302.23 BELBpPG005397r2022-08-24 00:00:00w2021-04-26yBK